[Event "28th European Club Cup"]
[Site "Eilat ISR"]
[Date "2012.10.11"]
[Round "1.11"]
[White "Steinberg,N"]
[Black "Stebbings,A"]
[Result "1/2-1/2"]
[WhiteElo "2370"]
[BlackElo "2256"]

1.e4 c5 2.Nf3 e6 3.d4 cxd4 4.Nxd4 Nc6 5.Nc3 Qc7 6.Be3 a6 7.a3 b5 8.f4 Bb7
9.Be2 Nf6 10.O-O Be7 11.Nb3 d6 12.Bf3 O-O 13.Qe2 Rac8 14.Rad1 b4 15.axb4 Nxb4
16.f5 exf5 17.exf5 Rfe8 18.Bd4 Nd7 19.Qd2 Bf6 20.Bxf6 Nxf6 21.Nd4 Re5 22.Ncb5 axb5
23.Qxb4 Bxf3 24.Rxf3 Qb6 25.Rc3 Rcc5 26.Ra1 h5 27.Rxc5 Rxc5 28.Ra8+ Kh7 29.Qa5 Qxa5
30.Rxa5 b4 31.Rxc5 dxc5 32.Nf3 Ne4 33.Ne5 g6 34.fxg6+ fxg6 35.Kf1 Kg7 36.Nd7 Kf7
37.Ke2 Ke6 38.Ke3 Kxd7 39.Kxe4 Ke6 40.Ke3 Kd7 41.Ke4 Ke6 42.g3 Kd6 43.h3 Ke6
44.h4 Kd6  1/2-1/2

[Event "2nd Indonesia Open"]
[Site "Jakarta INA"]
[Date "2012.10.11"]
[Round "1.21"]
[White "Lu Shanglei"]
[Black "Sinurat,Tumpak"]
[Result "1-0"]
[WhiteElo "2526"]
[BlackElo "2258"]

1.e4 c5 2.Nf3 e6 3.d4 cxd4 4.Nxd4 Nc6 5.Nc3 a6 6.g3 Qc7 7.Bg2 Nf6 8.O-O Be7
9.Re1 d6 10.Nxc6 bxc6 11.e5 dxe5 12.Rxe5 O-O 13.Bf4 Bd6 14.Rxe6 Bxe6 15.Bxd6 Qb6
16.Bxf8 Rxf8 17.Na4 Qa5 18.b3 Rd8 19.Qe1 Qh5 20.Nc3 Bf5 21.Rd1 Rxd1 22.Qxd1 Qxd1+
23.Nxd1 Bxc2 24.Ne3 Bb1 25.a3 Be4 26.Bf1 a5 27.Nc4 Kf8 28.Nxa5 Ke7 29.Be2 Bd5
30.f3 g5 31.Kf2 Nd7 32.Ke3 c5 33.Bc4 Kd6 34.Bxd5 Kxd5 35.Nc4 f5 36.f4 g4
37.Kd3  1-0

[Event "28th European Club Cup"]
[Site "Eilat ISR"]
[Date "2012.10.12"]
[Round "2.5"]
[White "Guseinov,G"]
[Black "Dinev,De"]
[Result "1-0"]
[WhiteElo "2608"]
[BlackElo "2348"]

1.e4 c5 2.Nc3 e6 3.Nf3 Nc6 4.d4 cxd4 5.Nxd4 a6 6.g3 Qc7 7.Bg2 Nf6 8.O-O Bb4
9.a3 Be7 10.Re1 d6 11.Nxc6 bxc6 12.e5 dxe5 13.Rxe5 O-O 14.Bf4 Qb7 15.Na4 Nd5
16.Bd2 f6 17.Re1 Nb6 18.Nxb6 Qxb6 19.Be3 Qc7 20.c4 Rb8 21.Qc2 c5 22.Bd2 Kh8
23.Bc3 Rd8 24.Qa4 Qd7 25.Bc6 Qa7 26.f4 Rd6 27.Rad1 Qc7 28.Rxd6 Bxd6 29.Rd1 Kg8
30.Bg2 Kf7 31.Ba5 Rb6 32.Rd3 Be7 33.Bxb6 Qxb6 34.Qc6 Qxb2 35.Qxc8 Qb1+ 36.Bf1  1-0

[Event "17th European Club Cup w"]
[Site "Eilat ISR"]
[Date "2012.10.12"]
[Round "2.4"]
[White "Pogonina,N"]
[Black "Cramling,P"]
[Result "1/2-1/2"]
[WhiteElo "2476"]
[BlackElo "2514"]

1.e4 c5 2.Nf3 e6 3.d4 cxd4 4.Nxd4 Nc6 5.Nc3 d6 6.Be2 Nf6 7.O-O Be7 8.Kh1 O-O
9.f4 Bd7 10.Nb3 a6 11.Bf3 b5 12.a3 Rb8 13.Qe2 b4 14.axb4 Nxb4 15.Rd1 Qc7
16.Na5 Rfc8 17.Be3 Be8 18.Qf2 Nd7 19.Ba7 Ra8 20.Bd4 Rab8 21.Rd2 e5 22.fxe5 dxe5
23.Be3 Nc5 24.h3 Rd8 25.Rxd8 Rxd8 26.Qe2 Rb8 27.Nc4 Bb5 28.Nxb5 axb5 29.Na3 Qb7
30.c3 Nc6 31.b4 Ne6 32.Rd1 Qa6 33.Nc2 Qa4 34.Rd5 Qb3 35.Qd3 h6 36.Bg4 Nf4
37.Bxf4 exf4 38.Bd7 Qb1+ 39.Qd1 Qxd1+ 40.Rxd1 Ne5 41.Rd5 Nxd7 42.Rxd7 Bh4
43.Kg1 Rc8 44.Rd3 Bf6 45.Kf2 Bxc3 46.Kf3 Bb2 47.Na3 Bxa3 48.Rxa3 Rc4 49.Kxf4 Rxb4
50.h4 h5 51.Ra7 g6 52.Rb7 Kg7 53.g3 Rb1 54.e5 b4 55.e6 Rf1+ 56.Ke3 Re1+ 57.Kf2 Rxe6
58.Rxb4 Ra6 59.Kf3 Kf6 60.Kf4 Ra1  1/2-1/2

[Event "2nd Indonesia Open"]
[Site "Jakarta INA"]
[Date "2012.10.13"]
[Round "5.4"]
[White "Fedorchuk,S"]
[Black "Gagunashvili,M"]
[Result "1/2-1/2"]
[WhiteElo "2647"]
[BlackElo "2584"]

1.e4 c5 2.Nc3 Nc6 3.Nf3 e6 4.d4 cxd4 5.Nxd4 Qc7 6.Be2 a6 7.O-O Nf6 8.Be3 Bb4
9.Na4 O-O 10.Nxc6 bxc6 11.Nb6 Rb8 12.Nxc8 Rfxc8 13.Bxa6 Rd8 14.Bd3 Bd6 15.g3 Rxb2
16.a4 Ra8 17.Bd4 Rbb8 18.Bxf6 gxf6 19.Qg4+ Kf8 20.Qh4 Be5 21.Rab1 Rxb1 22.Rxb1 Kg7
23.Qg4+ Kf8 24.Qh5 Rxa4 25.Qxh7 Ra1 26.Rxa1 Bxa1 27.h4 Bd4 28.Kg2 Qa5 29.Qh6+ Ke7
30.Qf4 Qe5 31.Qd2 Kf8 32.Qe2 d5 33.exd5  1/2-1/2

[Event "FSFMA2 October 2012"]
[Site "Budapest HUN"]
[Date "2012.10.14"]
[Round "8.2"]
[White "Farkas,R"]
[Black "Havaskori,L"]
[Result "1-0"]
[WhiteElo "2112"]
[BlackElo "1933"]

1.e4 e6 2.d4 c5 3.Nf3 cxd4 4.Nxd4 Nc6 5.Nc3 d6 6.Bb5 Qc7 7.Bg5 Nf6 8.Qd3 Be7
9.O-O-O O-O 10.Bxc6 bxc6 11.f4 e5 12.Nf3 Re8 13.f5 Bf8 14.Bxf6 gxf6 15.g4 Rb8
16.Rdg1 d5 17.g5 Kh8 18.gxf6 Bxf5 19.exf5 e4 20.Qe3 exf3 21.Qg5  1-0

[Event "28th European Club Cup"]
[Site "Eilat ISR"]
[Date "2012.10.14"]
[Round "4.4"]
[White "Kovalev,Vl"]
[Black "Rublevsky,S"]
[Result "1/2-1/2"]
[WhiteElo "2473"]
[BlackElo "2693"]

1.e4 c5 2.Nf3 e6 3.d4 cxd4 4.Nxd4 Nc6 5.Nc3 a6 6.Be3 Nf6 7.Qd2 Bb4 8.f3 d5
9.a3 Qa5 10.exd5 Nxd5 11.Nb3 Bxc3 12.Nxa5 Bxd2+ 13.Bxd2 Nxa5 14.Bxa5 Ne3
15.Kf2 Nxf1 16.Rhxf1 b5 17.a4 Bb7 18.axb5 axb5 19.Bb4 Kd7 20.Rfd1+ Bd5 21.b3 Rxa1
22.Rxa1 Ra8 23.Rxa8 Bxa8 24.Ke3 e5 25.g3 Ke6 26.c4 bxc4 27.bxc4 g5 28.h4 gxh4
29.gxh4 Kf5 30.Be7 Bb7 31.c5 Bc6 32.Bd6 f6 33.Be7 h5 34.Bd6 Bb7 35.Bb8 Bc6
36.Bc7 Ba8 37.Bd8 Bb7 38.Ba5 Bc6 39.Bb6 Ba8 40.Bc7 Bc6 41.Bd8  1/2-1/2

[Event "TATA 50th ch-IND National Premier 2012"]
[Site "Kolkata IND"]
[Date "2012.10.14"]
[Round "13.9"]
[White "Karthikeyan,M2"]
[Black "Satyapragyan,S"]
[Result "1-0"]
[WhiteElo "2299"]
[BlackElo "2456"]

1.e4 c5 2.Nf3 e6 3.d4 cxd4 4.Nxd4 Nc6 5.Nc3 d6 6.Be3 Nf6 7.Be2 Be7 8.O-O O-O
9.Kh1 a6 10.f4 Bd7 11.Bf3 Rc8 12.a4 Nxd4 13.Bxd4 Bc6 14.Qe1 Nd7 15.Rd1 Bh4
16.Qe2 Qc7 17.f5 e5 18.Be3 Be7 19.g4 b5 20.axb5 axb5 21.b4 Qb8 22.g5 Rfd8
23.f6 gxf6 24.gxf6 Nxf6 25.Bg5 Ba8 26.Rd3 Rc4 27.Bg2 Qc8 28.Qf3 Rf8 29.Bxf6 Bxf6
30.Qxf6 Rxc3 31.Rf5  1-0

[Event "TCh-ROU League A 2012"]
[Site "Olanesti ROU"]
[Date "2012.10.14"]
[Round "9.3"]
[White "Thesing,M"]
[Black "Daianu,C"]
[Result "1-0"]
[WhiteElo "2399"]
[BlackElo "2288"]

1.e4 c5 2.Nc3 Nc6 3.Nf3 e6 4.d4 cxd4 5.Nxd4 d6 6.Be3 Nf6 7.f4 Be7 8.Qf3 Bd7
9.O-O-O Nxd4 10.Bxd4 Bc6 11.Bd3 Qa5 12.Kb1 e5 13.Be3 b5 14.Nd5 Bxd5 15.exd5 O-O
16.Rhe1 Rfe8 17.Bd2 b4 18.fxe5 dxe5 19.Rxe5 Bd6 20.Rg5 Be5 21.Re1 Bc3 22.bxc3 bxc3
23.Rxe8+ Rxe8 24.Bxc3 Re1+ 25.Bxe1 Qxe1+ 26.Kb2 Qb4+ 27.Kc1  1-0

[Event "34th Arco Open"]
[Site "Arco ITA"]
[Date "2012.10.15"]
[Round "3"]
[White "Burnier,D"]
[Black "Titz,Hei"]
[Result "1/2-1/2"]
[WhiteElo "2313"]
[BlackElo "2168"]

1.e4 c5 2.Nf3 e6 3.d4 cxd4 4.Nxd4 Nc6 5.Nc3 Qc7 6.Be2 a6 7.O-O Nf6 8.Be3 Bb4
9.Nxc6 bxc6 10.f4 Bxc3 11.bxc3 c5 12.e5 Nd5 13.Qd2 Nxe3 14.Qxe3 Bb7 15.Rad1 O-O
16.Rd6 Rfc8 17.f5 exf5 18.Bc4 Re8 19.Rxf5  1/2-1/2

[Event "28th European Club Cup"]
[Site "Eilat ISR"]
[Date "2012.10.15"]
[Round "5.8"]
[White "Burg,T"]
[Black "Timofeev,Arty"]
[Result "1/2-1/2"]
[WhiteElo "2502"]
[BlackElo "2631"]

1.e4 c5 2.Nf3 Nc6 3.d4 cxd4 4.Nxd4 e6 5.Nc3 Qc7 6.Be3 Nf6 7.f4 Bb4 8.Nb5 Qa5
9.Bd2 a6 10.e5 axb5 11.exf6 Bxc3 12.Bxc3 b4 13.fxg7 Rg8 14.Bd4 Qd5 15.Be3 Rxa2
16.Qxd5 Rxa1+ 17.Qd1 Rxd1+ 18.Kxd1 Rxg7 19.g3 d5 20.Bb5 Bd7 21.b3 e5 22.Bxc6 Bxc6
23.Re1 e4 24.Bc5 f5 25.Kd2 h5 26.Ke3 h4 27.Rg1 hxg3 28.Rxg3 Rxg3+ 29.hxg3 Kf7
30.Bxb4 Ke6 31.Kd4 Be8 32.Be1 Bh5 33.Ba5 Bd1 34.c4 Bxb3 35.c5 Kf6 36.Bc3 Kg6
37.Bd2 Kh5 38.Bc1 Kg4 39.Be3 Kxg3 40.Bc1 Kg4 41.Be3 Kf3 42.Bc1 Ke2 43.Be3 Kf3
44.Bc1 Ke2 45.Be3 Kf3  1/2-1/2

[Event "7th Americas Continental 2012"]
[Site "Mar del Plata ARG"]
[Date "2012.10.15"]
[Round "5.4"]
[White "Mekhitarian,K"]
[Black "Leitao,R"]
[Result "1/2-1/2"]
[WhiteElo "2503"]
[BlackElo "2617"]

1.e4 c5 2.Nf3 Nc6 3.d4 cxd4 4.Nxd4 e6 5.Nc3 a6 6.Be3 Nf6 7.Qd2 Bb4 8.f3 d5
9.a3 Qa5 10.Nb3 Bxc3 11.bxc3 Qc7 12.c4 dxe4 13.Bc5 b6 14.Bd6 Qd8 15.O-O-O Ra7
16.c5 Rd7 17.Qg5 h6 18.Qxg7 Rg8 19.Qxh6 bxc5 20.Be2 Rxd6 21.Rxd6 Qxd6 22.Qxf6 Rxg2
23.Rd1 Qe7 24.Qh8+ Qf8 25.Qxf8+ Kxf8 26.Bf1 Rxh2 27.fxe4 Nd4 28.Nxd4 cxd4
29.Rxd4 Rh1 30.Rd8+ Ke7 31.Rxc8 Rxf1+ 32.Kd2 Ra1 33.Rc3 Kd6 34.Rf3 Ke5 35.Rxf7 Rxa3
36.Re7 Ra4 37.Rh7 Rxe4 38.Rh5+ Kf4 39.Rh4+ Kf3 40.Rh3+ Kf2 41.Kd3 Re1 42.Kd2 Re4
43.Kd3 Ra4 44.Rh5 Rb4 45.Re5 Rb6 46.c4 Kf3 47.c5 Rc6 48.Kc4  1/2-1/2

[Event "28th European Club Cup"]
[Site "Eilat ISR"]
[Date "2012.10.16"]
[Round "6.7"]
[White "Kovalev,Vl"]
[Black "Swinkels,R"]
[Result "1/2-1/2"]
[WhiteElo "2473"]
[BlackElo "2494"]

1.e4 c5 2.Nf3 e6 3.d4 cxd4 4.Nxd4 Nc6 5.Nc3 Qc7 6.Be3 a6 7.Qd2 Nf6 8.O-O-O Bb4
9.f3 Ne5 10.g4 h6 11.Rg1 d5 12.g5 hxg5 13.Rxg5 Rxh2 14.Qe1 Kf8 15.exd5 exd5
16.Bg1 Bxc3 17.bxc3 Rh5 18.Rxh5 Nxh5 19.Qh4 g6 20.Bh2 Bd7 21.Re1 Re8 22.Kd1 f6
23.Bd3 Qb6 24.Kc1 Nxd3+ 25.cxd3 Rxe1+ 26.Qxe1 Kf7 27.Qd1 Ng7 28.Qb3 Qc5 29.Kd2 b6
30.Bg1 b5 31.Nf5 Qc6 32.Nxg7 Kxg7 33.Bd4 Bf5 34.Qb4 Qc7 35.Ke3 g5 36.Qc5 Qf4+
37.Ke2 Qh2+ 38.Ke3 Qg1+ 39.Kd2 Qh2+ 40.Ke3 Qf4+ 41.Ke2 Qh2+  1/2-1/2

[Event "28th European Club Cup"]
[Site "Eilat ISR"]
[Date "2012.10.16"]
[Round "6.8"]
[White "Brkic,A"]
[Black "Volodin,Alek"]
[Result "1-0"]
[WhiteElo "2575"]
[BlackElo "2509"]

1.e4 c5 2.Nf3 e6 3.d4 cxd4 4.Nxd4 Nc6 5.Nc3 Qc7 6.Be2 Nf6 7.Be3 a6 8.O-O Be7
9.f4 d6 10.a4 O-O 11.Kh1 Bd7 12.Nb3 b6 13.Bf3 Rab8 14.Qe2 Na5 15.Nd2 b5 16.axb5 axb5
17.e5 Ne8 18.b4 Qxc3 19.bxa5 d5 20.Nb3 Nc7 21.a6 Na8 22.Bd4 Qc7 23.Qe3 b4
24.Rf2 g6 25.g4 f5 26.gxf5 Rxf5 27.Bg4 Rf7 28.f5 gxf5 29.Bxf5 Kh8 30.Bxe6 Rxf2
31.Bxd7 Rbf8 32.e6+ R2f6 33.Nc5 Nb6 34.Rg1 Nxd7 35.Qg5  1-0

[Event "7th Americas Continental 2012"]
[Site "Mar del Plata ARG"]
[Date "2012.10.16"]
[Round "6.57"]
[White "Fiora,E"]
[Black "Caceres Vasquez,S"]
[Result "0-1"]
[WhiteElo "1954"]
[BlackElo "2213"]

1.e4 c5 2.Nf3 e6 3.d4 cxd4 4.Nxd4 Nc6 5.Nc3 Qc7 6.Be3 a6 7.Qd2 Nf6 8.f3 Ne5
9.O-O-O Bb4 10.Bf4 d6 11.Kb1 O-O 12.a3 Bxc3 13.Qxc3 Qxc3 14.bxc3 Nh5 15.Bg5 Nf6
16.Be2 h6 17.Bf4 Rd8 18.Nb3 Rd7 19.Na5 Kf8 20.c4 b6 21.Bxe5 dxe5 22.Nc6 Rxd1+
23.Rxd1 Nd7 24.Nb4 Ke8 25.Kb2 a5 26.Nd3 Ba6 27.Kb3 Rc8 28.Nb2 Nc5+ 29.Kc3 Ke7
30.Rb1 Nd7 31.Kd2 f6 32.Ke3 Kd6 33.Na4 Kc6 34.Bd3 Rb8 35.Kd2 Nc5 36.Nxc5 Kxc5
37.Kc3 Rd8 38.g3 Rd4 39.f4 exf4 40.gxf4 Bxc4 41.Rg1 Bxd3 42.cxd3 Rd7 43.a4 b5
44.axb5 Kxb5 45.Rb1+ Kc5 46.Ra1 Ra7 47.d4+ Kb5 48.Rb1+ Kc6 49.Ra1 g5 50.fxg5 fxg5
51.Kc4 a4 52.Ra3 g4 53.Kb4 h5 54.Kc4 h4 55.Kb4 Rb7+ 56.Kc4 Rb2 57.Rxa4 Rxh2
58.d5+ exd5+ 59.exd5+ Kd6 60.Kd3 g3 61.Ke3 g2 62.Kf2 h3 63.Ra1 Rh1 64.Rg1  0-1

[Event "28th European Club Cup"]
[Site "Eilat ISR"]
[Date "2012.10.17"]
[Round "7.11"]
[White "Coenen,N"]
[Black "Botvinnik,M ISR"]
[Result "1-0"]
[WhiteElo "2327"]
[BlackElo "2340"]

1.e4 c5 2.Nf3 e6 3.d4 cxd4 4.Nxd4 Nc6 5.Nc3 Qc7 6.Be2 Nf6 7.O-O a6 8.Be3 Bb4
9.Na4 Be7 10.Nxc6 bxc6 11.Nb6 Rb8 12.Nxc8 Rxc8 13.Bxa6 Rb8 14.Bd3 Rxb2 15.a4 O-O
16.Bd4 Rbb8 17.e5 Nd5 18.c4 Nb4 19.Be4 c5 20.Bc3 d6 21.exd6 Bxd6 22.g3 Be5
23.Bxh7+ Kxh7 24.Qh5+ Kg8 25.Bxe5  1-0

[Event "7th Americas Continental 2012"]
[Site "Mar del Plata ARG"]
[Date "2012.10.17"]
[Round "7.3"]
[White "Mekhitarian,K"]
[Black "Iturrizaga,E"]
[Result "0-1"]
[WhiteElo "2503"]
[BlackElo "2639"]

1.e4 c5 2.Nf3 e6 3.d4 cxd4 4.Nxd4 Nc6 5.Nc3 Qc7 6.Be3 a6 7.Qd2 Nf6 8.O-O-O Bb4
9.f3 O-O 10.g4 b5 11.g5 Nh5 12.Nde2 Ba5 13.Kb1 b4 14.Na4 d5 15.Ng3 d4 16.Nxh5 b3
17.c3 Rd8 18.Qc1 bxa2+ 19.Kxa2 dxe3 20.Rxd8+ Qxd8 21.Qxe3 Qd1 22.Nc5 Rb8
23.Qe2 Qd8 24.Nb3 e5 25.Qd2 Be6 26.Qxd8+ Bxd8 27.c4 Bxg5 28.Rg1 Nb4+ 29.Kb1 Be3
30.Rxg7+ Kh8 31.Rg3 Rd8  0-1

[Event "NIT Nagpur GM Open 2012"]
[Site "Nagpur IND"]
[Date "2012.10.18"]
[Round "4.11"]
[White "Sangma,R"]
[Black "Swapnil,SD"]
[Result "1-0"]
[WhiteElo "2345"]
[BlackElo "2459"]

1.e4 c5 2.Nf3 e6 3.d4 cxd4 4.Nxd4 Nc6 5.Nc3 Qc7 6.Ndb5 Qb8 7.Be3 a6 8.Bb6 axb5
9.Nxb5 Bb4+ 10.c3 Ba5 11.Nc7+ Qxc7 12.Bxc7 Bxc7 13.Qg4 g6 14.Bd3 Ne5 15.Qe2 Nf6
16.Bb5 g5 17.a4 b6 18.O-O-O Bb7 19.Rd4 Ke7 20.Rhd1 Rhd8 21.b3 Ng6 22.Kb2 Be5
23.Qe3 Rac8 24.Qxg5 Bxd4 25.Rxd4 Rc5 26.Qe3 Rdc8 27.c4 e5 28.Rd2 Bxe4 29.f3 Ba8
30.b4 Rxc4 31.Bxc4 Rxc4 32.Qxb6 Bd5 33.a5 Nf8 34.a6 Ne6 35.Rc2 Rxc2+ 36.Kxc2 Ne8
37.Kb2 N8c7 38.b5 Bc4 39.a7 Bxb5 40.a8=Q Nxa8 41.Qxb5 d6 42.Qd3 Nf8 43.f4 Nb6
44.g4 Nbd7 45.Qe4 Nc5 46.Qe3 Nfe6 47.fxe5 dxe5 48.Qh6 Nf8 49.g5 Ncd7 50.h4 Ke8
51.Kc3 Nc5 52.Kc4 Ncd7 53.Kd5 Ke7 54.Qg7 Ng6 55.Qh6 Ngf8 56.Qd6+ Ke8 57.Kc6 e4
58.Qd4 f6 59.Qxe4+ Kf7 60.Qf5 Ke7 61.Qe4+ Kf7 62.Qc4+ Ke7 63.Qe2+ Kf7 64.Kd6 fxg5
65.Qh5+ Kf6 66.hxg5+ Kg7 67.Ke7 Kh8 68.Qh2 Kg8 69.Qa2+ Kh8 70.Qb2+ Kg8 71.Qb3+ Kh8
72.Qc3+ Kg8 73.Qc4+ Kh8 74.Qd4+ Kg8 75.Qd5+ Kh8 76.Kf7 Ng6 77.Qa8+  1-0

[Event "7th Americas Continental 2012"]
[Site "Mar del Plata ARG"]
[Date "2012.10.19"]
[Round "9.35"]
[White "Assumpcao,R"]
[Black "Nina,M"]
[Result "0-1"]
[WhiteElo "2218"]
[BlackElo "2298"]

1.e4 c5 2.Nf3 e6 3.d4 cxd4 4.Nxd4 Nc6 5.Nc3 Nf6 6.Be2 Bb4 7.O-O Bxc3 8.bxc3 Nxe4
9.Bd3 Nxd4 10.Bxe4 Nc6 11.Ba3 d5 12.Qg4 Qf6 13.Bd3 Qxc3 14.Bd6 f5 15.Qh5+ g6
16.Qh4 Kf7 17.f4 Qf6 18.Qh6 Qg7 19.Qh3 Rd8 20.Ba3 Kg8 21.Rab1 b6 22.Bb5 Na5
23.Bb2 Qe7 24.Rfd1 Bd7 25.Bf1 Rac8 26.Qe3 Qc5 27.Bd4 Qd6 28.Be5 Qf8 29.Ba1 h6
30.Bd3 Kh7 31.Kh1 Nc4 32.Qd4 Rc5 33.Rg1 Na3 34.Rbc1 Rdc8 35.g4 Nxc2 36.Bxc2 Rxc2
37.gxf5 exf5 38.Rxc2 Rxc2 39.Re1 Rc8 40.h4 Re8 41.Rc1 Qe7 42.Kg1 Qe3+ 43.Qxe3 Rxe3
44.Be5 Kg8 45.Rc7 Be8 46.Rg7+ Kf8 47.Rxa7 h5 48.Rb7 b5 49.Kf2 Re4 50.Rb8 Ke7
51.Rb7+ Bd7 52.Rb6 Be8 53.Rb7+ Kd8 54.Rb8+ Kd7 55.Rb7+ Kc6 56.Rc7+ Kb6 57.Re7 Bc6
58.Re6 Ra4 59.Rxg6 Rxa2+ 60.Ke3 b4 61.Rh6 b3 62.Kd3 Rh2 63.Bd4+ Kb5 64.Rxh5 b2
65.Bxb2 Rxb2 66.Rxf5 Kc5 67.Rf8 Rh2 68.Rh8 Rh3+ 69.Kd2 Bd7 70.h5 Kd4 71.h6 Rh2+
72.Ke1 Bf5  0-1

[Event "7th Americas Continental 2012"]
[Site "Mar del Plata ARG"]
[Date "2012.10.19"]
[Round "9.63"]
[White "Villegas,Franco"]
[Black "Okamura,M"]
[Result "1-0"]
[WhiteElo "1852"]
[BlackElo "2092"]

1.e4 c5 2.Nf3 e6 3.d4 cxd4 4.Nxd4 Nc6 5.Nc3 Qc7 6.Be3 Nf6 7.f3 a6 8.Qd2 b5
9.g4 d6 10.Be2 Be7 11.h4 Bb7 12.h5 h6 13.O-O-O O-O-O 14.Nxc6 Qxc6 15.g5 hxg5
16.Bxg5 Qc7 17.Bxb5 axb5 18.Nxb5 Qc5 19.Nc3 Kb8 20.Be3 Qa5 21.Qf2 Rc8 22.Rd4 Rxc3
23.bxc3 Qxa2 24.Rb4 Rc8 25.Kd2 d5 26.Rb3 e5 27.Rhb1 Rc7 28.Qg3 d4 29.Bxd4  1-0

[Event "Danilo Batricevic Mem Balkan GP"]
[Site "Cetinje MNE"]
[Date "2012.10.20"]
[Round "1.13"]
[White "Stamatovic,V"]
[Black "Ivanovic,B"]
[Result "0-1"]
[WhiteElo "1900"]
[BlackElo "2427"]

1.e4 c5 2.Nf3 Nc6 3.Nc3 e6 4.d4 cxd4 5.Nxd4 Qc7 6.Ndb5 Qb8 7.Be3 a6 8.Nd4 Nf6
9.Bd3 b5 10.O-O Bb7 11.a3 Bd6 12.g3 h5 13.Qe2 h4 14.f4 hxg3 15.hxg3 Nxd4
16.Bxd4 Qc7 17.Kg2 Bc5 18.Bxc5 Qxc5 19.Rh1 Ke7 20.Rxh8 Rxh8 21.Rh1 Rxh1 22.Kxh1 d5
23.e5 d4+ 24.Ne4 Nd7 25.Qg4 f5 26.exf6+ gxf6 27.Kh2 Qd5 28.b4 Kd8 29.Qh3 f5
30.Nf2 Nf6 31.Kg1 Qf3 32.Bf1 Qe3 33.Bg2 Qe1+ 34.Bf1 Kc7 35.Qh8 Qe3 36.Qg7+ Kb6
37.Bg2 Ne4 38.Bxe4 Bxe4  0-1

[Event "16th Unive Open"]
[Site "Hoogeveen NED"]
[Date "2012.10.20"]
[Round "2"]
[White "Majhi,Ankit"]
[Black "Van der Poel,H"]
[Result "1/2-1/2"]
[WhiteElo "1923"]
[BlackElo "2306"]

1.e4 c5 2.Nf3 e6 3.d4 cxd4 4.Nxd4 Nc6 5.Nc3 Qc7 6.Be2 a6 7.Be3 b5 8.O-O Bb7
9.f4 b4 10.Na4 Nf6 11.Bf3 Be7 12.e5 Nxd4 13.Bxb7 Qxb7 14.exf6 Nf5 15.fxg7 Rg8
16.Bd4 Rc8 17.c3 Qe4 18.g3 Nxd4 19.Qxd4 Qxd4+ 20.cxd4 Bf6 21.Rad1 d5 22.Nc5 Rxg7
23.b3 Bxd4+ 24.Rxd4 Rxc5 25.Rxb4 Kd7 26.Rb7+ Rc7 27.Rb6 Rc6 28.Rb7+ Rc7 29.Rb6 Rc6
30.Rb7+  1/2-1/2

[Event "NIT Nagpur GM Open 2012"]
[Site "Nagpur IND"]
[Date "2012.10.20"]
[Round "7.1"]
[White "Kravtsiv,M"]
[Black "Rahman,Zia"]
[Result "1/2-1/2"]
[WhiteElo "2592"]
[BlackElo "2502"]

1.e4 c5 2.Nf3 e6 3.d4 cxd4 4.Nxd4 Nc6 5.Nc3 Qc7 6.Be2 a6 7.O-O Nf6 8.Be3 Bb4
9.Na4 Be7 10.c4 Nxe4 11.c5 O-O 12.g3 Nf6 13.Nb6 Rb8 14.Rc1 Rd8 15.Qa4 g6
16.Rfd1 e5 17.Nb3 d5 18.cxd6 Rxd6 19.Rxd6 Qxd6 20.Na5  1/2-1/2

[Event "Bundesliga 2012-13"]
[Site "Griesheim GER"]
[Date "2012.10.21"]
[Round "2"]
[White "Swiercz,D"]
[Black "Farago,I"]
[Result "1-0"]
[WhiteElo "2609"]
[BlackElo "2488"]

1.e4 c5 2.Nf3 e6 3.d4 cxd4 4.Nxd4 Nc6 5.Nc3 a6 6.Nxc6 bxc6 7.Bd3 d5 8.O-O Nf6
9.Re1 Be7 10.e5 Nd7 11.Qg4 g6 12.Na4 Qa5 13.Bh6 Qb4 14.Qxb4 Bxb4 15.c3 Bf8
16.Bxf8 Rxf8 17.c4 Bb7 18.Rac1 Rc8 19.f4 Ke7 20.b4 f6 21.exf6+ Rxf6 22.g3 Kd6
23.c5+ Kc7 24.Bf1 a5 25.a3 Ra8 26.Nc3 axb4 27.axb4 e5 28.fxe5 Re6 29.Ne2 Rxe5
30.Nd4 Rae8 31.Red1 Nf8 32.Bh3 Ba6 33.Ra1 Bb7 34.b5 cxb5 35.c6 Bc8 36.Bxc8 Rxc8
37.Nxb5+ Kd8 38.Rf1 Ne6 39.Nd6 Rf5 40.Rfe1 Nf8 41.Nb5  1-0

[Event "16th Unive Open"]
[Site "Hoogeveen NED"]
[Date "2012.10.21"]
[Round "3"]
[White "Lee,Ka"]
[Black "Timman,J"]
[Result "1/2-1/2"]
[WhiteElo "2143"]
[BlackElo "2578"]

1.e4 c5 2.Nf3 Nc6 3.d4 cxd4 4.Nxd4 e6 5.Nc3 Qc7 6.g3 a6 7.Bg2 d6 8.Nxc6 bxc6
9.O-O Nf6 10.Re1 Bb7 11.Qe2 Be7 12.e5 dxe5 13.Qxe5 Qxe5 14.Rxe5 O-O-O 15.Re1 Bb4
16.Bf4 c5 17.Bf1 Bxc3 18.bxc3 Nd5 19.Re5 Rhe8 20.c4 f6 21.Rh5 Nxf4 22.Rxc5+ Kb8
23.gxf4 Rd4 24.Bg2 Rc8 25.Rxc8+ Bxc8 26.f5 e5 27.Bd5 Kc7 28.Rb1 Rf4 29.c5 Rxf5
30.Rb6 Rf4 31.c4 Rd4 32.Rc6+ Kd8 33.Rd6+ Kc7 34.Rc6+ Kd8 35.Rd6+ Kc7 36.Rc6+  1/2-1/2

[Event "TCh-SUI National A 2012"]
[Site "Switzerland SUI"]
[Date "2012.10.21"]
[Round "9.4"]
[White "Berset,P"]
[Black "Hort,V"]
[Result "0-1"]
[WhiteElo "2096"]
[BlackElo "2476"]

1.e4 c5 2.Nf3 e6 3.Nc3 Nc6 4.d4 cxd4 5.Nxd4 Qc7 6.g3 a6 7.Bg2 Nge7 8.O-O Nxd4
9.Qxd4 Nc6 10.Qd2 Be7 11.b3 O-O 12.Bb2 b5 13.Nd1 f6 14.Ne3 Rf7 15.Rfd1 Bc5
16.a3 a5 17.a4 bxa4 18.Rxa4 Ba6 19.Bf1 Bb7 20.Bg2 Ba6 21.Bf1 Bb4 22.Qc1 Bb7
23.Bg2 Rc8 24.c3 Bf8 25.Ba3 Ne5 26.Bxf8 Rfxf8 27.f4 Qxc3 28.Qxc3 Rxc3 29.fxe5 Rxe3
30.Rxa5 Rf7 31.exf6 gxf6 32.Ra7 Bc6 33.Rb1 Rf8 34.b4 Rb8 35.b5 Rxb5 36.Rxb5 Bxb5
37.Kf2 Re2+ 38.Kf3 Rb2 39.h4 f5 40.Bh3 Bc6 41.Kf4 Rh2 42.exf5 Rxh3 43.fxe6 dxe6  0-1

[Event "13th Liberec Open 2012"]
[Site "Liberec CZE"]
[Date "2012.10.22"]
[Round "3"]
[White "Krtous,Z1"]
[Black "Kozak,Mi"]
[Result "1/2-1/2"]
[WhiteElo "2021"]
[BlackElo "2153"]

1.e4 c5 2.Nf3 e6 3.d4 cxd4 4.Nxd4 Nc6 5.Nc3 d6 6.Be3 Nf6 7.Bc4 Be7 8.Qe2 a6
9.Bb3 O-O 10.O-O-O Nd7 11.Bxe6 Nxd4 12.Bxf7+ Rxf7 13.Bxd4 Nf8 14.Nd5 Ne6
15.Bb6 Qf8 16.Nxe7+ Qxe7 17.Qd2 Bd7 18.Qxd6 Qxd6 19.Rxd6 Re7 20.f3 Bc6 21.Kd2 g5  1/2-1/2

[Event "38th Guernsey Open"]
[Site "Guernsey GCI"]
[Date "2012.10.23"]
[Round "3"]
[White "Nebel,U"]
[Black "Taylor,RG"]
[Result "0-1"]
[WhiteElo "2015"]
[BlackElo "1920"]

1.e4 c5 2.Nf3 e6 3.d4 cxd4 4.Nxd4 Nc6 5.Nc3 Qc7 6.Be3 a6 7.Be2 Nf6 8.O-O d6
9.f4 Be7 10.Bf3 O-O 11.Nxc6 bxc6 12.Qe2 Rb8 13.Rab1 d5 14.e5 Nd7 15.Kh1 c5
16.Bd2 Nb6 17.f5 Qd8 18.f6 gxf6 19.Bh6 f5 20.Bh5 Bg5 21.Bxf8 Qxf8 22.Rf3 Kh8
23.Rh3 Bb7 24.Bf3 Qg7 25.Re1 Nd7 26.g3 Bd8 27.g4 fxg4 28.Bxg4 d4+ 29.Bf3 Bxf3+
30.Rxf3 dxc3 31.Rxc3 Qxe5 32.Qxe5+ Nxe5 33.Rxe5 Bf6 34.Rexc5 Bxc3 35.Rxc3 Rxb2
36.a3 Kg7 37.Kg2 Rb5 38.Rc6 Ra5 39.Rc3 Rf5 40.Rc6 Kf6 41.Rxa6 Rc5 42.a4 Rxc2+
43.Kg3 Ra2 44.Ra8 Kf5 45.a5 Ra3+ 46.Kg2 Kf4 47.a6 Ra2+ 48.Kf1 f5 49.a7 e5
50.h4 e4  0-1

[Event "16th Unive Open"]
[Site "Hoogeveen NED"]
[Date "2012.10.23"]
[Round "5"]
[White "Bezemer,A"]
[Black "Hendriks,W"]
[Result "1/2-1/2"]
[WhiteElo "2329"]
[BlackElo "2437"]

1.e4 c5 2.Nf3 Nc6 3.d4 cxd4 4.Nxd4 e6 5.Nc3 Qc7 6.Be3 a6 7.Qd2 Nf6 8.O-O-O Bb4
9.f3 O-O 10.a3 Be7 11.g4 b5 12.Nxc6 dxc6 13.e5 Nd5 14.Nxd5 exd5 15.Bf4 Be6
16.Be2 b4 17.axb4 Rfb8 18.c3 a5 19.b5 cxb5 20.Be3 b4 21.Bd4 a4 22.Kc2 a3
23.b3 bxc3 24.Qxc3 Qb7 25.Kb1 a2+ 26.Ka1 Rc8 27.Qe3 Ra3 28.Rd3 Bd7 29.Rc1 Bb4
30.Bb2 Raa8 31.f4 Rxc1+ 32.Qxc1 Bb5 33.Re3 Rc8 34.Qd1 d4 35.Bf3 Qd7 36.Qxd4 Qxd4
37.Bxd4 Rc2 38.f5 Rxh2 39.e6 fxe6 40.Rxe6 Rd2 41.Bb2 Bd7 42.Re2 Rxe2 43.Bxe2 h5
44.gxh5 Bxf5 45.Kxa2 g6  1/2-1/2

[Event "Magistral La Razon 2012"]
[Site "Villa Martelli ARG"]
[Date "2012.10.23"]
[Round "1.2"]
[White "Rodriguez Vila,A"]
[Black "Mekhitarian,K"]
[Result "0-1"]
[WhiteElo "2541"]
[BlackElo "2503"]

1.e4 c5 2.Nf3 Nc6 3.d4 cxd4 4.Nxd4 e6 5.Nc3 a6 6.g3 d6 7.Bg2 Bd7 8.O-O Nf6
9.Nxc6 Bxc6 10.Qe2 Qc7 11.a4 Be7 12.Rd1 O-O 13.a5 Rae8 14.Bf4 Nd7 15.b3 Ne5
16.Be3 f5 17.f4 Ng4 18.Bb6 Qc8 19.Rd3 fxe4 20.Nxe4 e5 21.Nxd6 Bxd6 22.Rxd6 Bxg2
23.Qxg2 exf4 24.gxf4 Rxf4 25.Rad1 Ne3 26.Bxe3 Rg4  0-1

[Event "Casino Barcelona Masters"]
[Site "Barcelona ESP"]
[Date "2012.10.25"]
[Round "3.4"]
[White "Quesada Perez,Yu"]
[Black "Aroshidze,L"]
[Result "1-0"]
[WhiteElo "2604"]
[BlackElo "2560"]

1.e4 c5 2.Nf3 e6 3.d4 cxd4 4.Nxd4 Nc6 5.Nc3 Qc7 6.Be3 a6 7.Qd2 Nf6 8.O-O-O Bb4
9.f3 Ne5 10.Nb3 b5 11.Qf2 Bxc3 12.bxc3 d6 13.Bb6 Qb8 14.Ba5 Nc6 15.Qg3 Ke7
16.Bb4 Nxb4 17.cxb4 Rg8 18.Be2 Qc7 19.Rd3 Rb8 20.Rhd1 Rb6 21.Na5 Bd7 22.Kb2 Rc8
23.c3 Kf8 24.Rc1 e5 25.Bd1 Be6 26.Bb3 Bxb3 27.axb3 Rd8 28.Qf2 Rbb8 29.Qd2 Qb6
30.Rd1 Ne8 31.h4 Rd7 32.Ka3 Re7 33.Rc1 Rc8 34.g3 Rec7 35.Kb2 Rb8 36.Rd1 Re7
37.Ka3 Rc8 38.Kb2 Rb8 39.g4 Re6 40.Ka3 Rc8 41.g5 h5 42.Kb2 g6 43.Rc1 Re7
44.Rf1 Rcc7 45.c4 Kg8 46.Qf2 Qxf2+ 47.Rxf2 bxc4 48.bxc4 Kf8 49.Rc2 Red7 50.b5 Rc5
51.Rd5 axb5 52.Rxc5 dxc5 53.cxb5 Ra7 54.Nc4 Rb7 55.Na3 Rc7 56.Rd2 Ng7 57.Rd8+ Ke7
58.Rb8 Ne8 59.b6 Rd7 60.Nc4 Rd8 61.Rxd8 Kxd8 62.Kb3 Kc8 63.Ka4 Ng7 64.Kb5 Ne6
65.Ka6  1-0